000
00329nam a2200145Ia 4500
003
OSt
008
191201s2016 xx 000 0 und d
082
_a
428.1
_b
LEW
100
_a
LEWIS, Norman
245
0
_a
Word Power Made Easy
250
_a
Rep
260
_c
2016
_b
Goyal Publisher
_a
New Delhi
300
_a
686
942
_2
ddc
_c
BK
999
_c
7987
_d
7987